| 000 | 00520nam a2200205 i 4500 | ||
|---|---|---|---|
| 001 | bgj | ||
| 100 | 1 |
_aEliot, George _d(1819-1880). |
|
| 245 | 1 | 0 |
_aMiddlemarch / _cGeorge Eliot ; edited by W. J. Harvey. |
| 260 |
_aLondon : _bPenguin Books, _c1965. |
||
| 300 |
_a908 pp ; _c19 cm. |
||
| 650 | 9 | _aCity and town life | |
| 650 | 9 | _aMarried people | |
| 650 | 9 | _aYoung women | |
| 651 | 9 | _aEngland | |
| 655 | _aFiction | ||
| 040 | _cBPK | ||
| 041 | 0 | _aeng | |
| 942 | _cKS | ||
| 008 | s uk f |000 0 eng | ||
| 999 |
_c48656 _d48656 |
||
| 856 |
_uhttp://koha.tu.koszalin.pl/cgi-bin/koha/opac-detail.pl?biblionumber=48656 _yKatalog online BPK |
||